Gender-neutral pronouns - Statistics

General Stats
  • This quiz has been taken 231 times
  • The average score is 6 of 8
Answer Stats
Male term Female term Gender-neutral term(s) % Correct
son daughter child
92%
father mother parent
92%
his hers theirs
92%
brother sister sibling
90%
boyfriend girlfriend partner
84%
husband wife spouse
73%
nephew niece nibling
27%
uncle aunt pibling
8%
No matching quizzes found
Score Distribution
Percent of People with Each Score
Percentile by Number Answered
Your Score History
You have not taken this quiz